| 000 | 00356 a2200121 4500 | ||
|---|---|---|---|
| 005 | 20250612165444.0 | ||
| 020 | _a978-0-521-54366-8 | ||
| 100 | _aBORRINGTON, K | ||
| 245 | _aTeaching and Assessing Skills in Business Studies | ||
| 260 |
_aCambridge _bUniversity Cambridge _c2004 |
||
| 300 |
_aiv,106p.: ill; Chart, Graph, Table _bIndex _c23cm |
||
| 942 |
_2ddc _cBKS |
||
| 999 |
_c3904 _d3904 |
||